[Event "58h World U20 ch"]
[Site "New Delhi IND"]
[Date "2019.10.22"]
[Round "8.1"]
[White "Sargsian, Shant"]
[Black "Shtembuliak, Evgeny"]
[Result "1/2-1/2"]
[WhiteElo "2580"]
[BlackElo "2577"]
[EventDate "2019.10.15"]
[PlyCount "105"]

1.d4 Nf6 2.c4 e6 3.Nf3 b6 4.g3 Bb7 5.Bg2 Bb4+ 6.Bd2 a5 7.O-O O-O 8.Bf4 Be7
9.Nc3 Ne4 10.Nb5 c6 11.Nc7 Ra7 12.Qb3 d6 13.c5 Qxc7 14.cxb6 a4 15.bxc7 
axb3 16.cxb8=Q Rxb8 17.axb3 Rba8 18.Rxa7 Rxa7 19.Rb1 Ra2 20.Ne1 d5 21.Nd3 
g5 22.Be3 Nd6 23.Bd2 Nb5 24.Bb4 Bxb4 25.Nxb4 Ra5 26.e3 Nd6 27.Nd3 Ba6 28.
Nc5 Bb5 29.f3 h5 30.Kf2 Kf8 31.Ke1 Ke7 32.Kd2 g4 33.Re1 Ra8 34.e4 gxf3 35.
Bxf3 dxe4 36.Nxe4 Nf5 37.Kc3 Rd8 38.Rd1 h4 39.g4 Ne3 40.Ra1 e5 41.Ra7+ Kf8
42.Ng5 exd4+ 43.Kd2 Nf1+ 44.Kd1 Nxh2 45.Rxf7+ Kg8 46.Be4 Nxg4 47.Kd2 Ne3 
48.Bh7+ Kh8 49.Ne6 Nf1+ 50.Ke1 Re8 51.Bf5 Ng3 52.Rh7+ Kg8 53.Rg7+ 1/2-1/2

[Event "58h World U20 ch"]
[Site "New Delhi IND"]
[Date "2019.10.22"]
[Round "8.2"]
[White "Santos Ruiz, Miguel"]
[Black "Praggnanandhaa, Rameshbabu"]
[Result "1-0"]
[WhiteElo "2560"]
[BlackElo "2567"]
[EventDate "2019.10.15"]
[PlyCount "57"]

1.e4 c5 2.Nf3 e6 3.d4 cxd4 4.Nxd4 Nf6 5.Nc3 Nc6 6.Nxc6 bxc6 7.e5 Nd5 8.Ne4
Rb8 9.Bd3 Qc7 10.f4 Qb6 11.Qe2 Be7 12.c4 f5 13.Nd6+ Bxd6 14.exd6 Nf6 15.b3
O-O 16.Bb2 a5 17.O-O-O a4 18.Bc2 axb3 19.axb3 c5 20.g4 Bb7 21.Rhg1 Be4 22.
gxf5 Bxc2 23.Qxc2 exf5 24.Qxf5 Ne8 25.Rxg7+ Nxg7 26.Qe5 Rf7 27.Rg1 Kf8 28.
Rxg7 Qd8 29.Rg8+ 1-0

[Event "58h World U20 ch"]
[Site "New Delhi IND"]
[Date "2019.10.22"]
[Round "8.3"]
[White "Karthikeyan, Murali"]
[Black "Murzin, Volodar"]
[Result "1-0"]
[WhiteElo "2617"]
[BlackElo "2433"]
[EventDate "2019.10.15"]
[PlyCount "163"]

1.e4 c6 2.d4 d5 3.exd5 cxd5 4.Bd3 Nc6 5.c3 g6 6.Bf4 Bf5 7.Bxf5 gxf5 8.Nf3 
e6 9.Qb3 Qd7 10.Nbd2 Nge7 11.O-O Bg7 12.h3 Ng6 13.Bh2 O-O 14.Rfe1 Rac8 15.
Nf1 Na5 16.Qc2 b5 17.Qe2 Rfe8 18.h4 f6 19.Rad1 Bh6 20.Kh1 Nc4 21.b3 Nb6 
22.h5 Nf8 23.Rd3 Re7 24.Ng1 Rg7 25.Nh3 Na8 26.Bf4 Bxf4 27.Nxf4 Nc7 28.Re3 
Qd6 29.g3 Rd8 30.Nh2 Rdd7 31.Nf3 Rg4 32.Nh2 Rgg7 33.Nd3 Kh8 34.Qf3 Rg5 35.
Nf4 Rf7 36.Qe2 a6 37.Nf3 Rg4 38.Nh2 Rg5 39.Qd3 Rd7 40.Qd1 Rf7 41.Qe2 Rd7 
42.Ra1 Re7 43.a4 bxa4 44.Rxa4 Rgg7 45.Nf3 Rg4 46.Ra1 Re8 47.Nh2 Rg7 48.Nf3
Rg4 49.c4 Rb8 50.Nh2 Rg7 51.Nf3 Rg4 52.Qd3 Qd7 53.Nh2 Rg7 54.Nf3 Rg4 55.
Qc3 Qd6 56.Qd3 Qd7 57.Ra5 dxc4 58.bxc4 Rb2 59.Re2 Rb8 60.Ra1 Qd6 61.Qc3 
Kg8 62.Nh2 Rg7 63.Re3 Rc8 64.Qd3 Rd8 65.Nf3 Qc6 66.Qc3 Rc8 67.Rae1 Nb5 68.
Qd2 Nd6 69.d5 Qb7 70.dxe6 Nxc4 71.Qa2 Nxe3 72.Rxe3 Re7 73.Kh2 Rc1 74.Nd5 
Rxe6 75.Nxf6+ Kf7 76.Nxh7 Rc6 77.Nd4 Rc1 78.Ng5+ Kg8 79.Ngf3 Qf7 80.Nxe6 
f4 81.Re5 fxg3+ 82.Kxg3 1-0

[Event "58h World U20 ch"]
[Site "New Delhi IND"]
[Date "2019.10.22"]
[Round "8.4"]
[White "Hakobian, Aram"]
[Black "Khanin, Semen"]
[Result "1-0"]
[WhiteElo "2561"]
[BlackElo "2507"]
[EventDate "2019.10.15"]
[PlyCount "116"]

1.d4 Nf6 2.c4 g6 3.Nc3 d5 4.cxd5 Nxd5 5.e4 Nxc3 6.bxc3 Bg7 7.Qa4+ Nd7 8.
Nf3 O-O 9.Be2 c5 10.O-O a6 11.Qa3 Qc7 12.Bg5 e6 13.e5 Re8 14.Nd2 Bf8 15.
Qc1 b5 16.Ne4 Bb7 17.Bf3 Rac8 18.Qf4 Bxe4 19.Bxe4 Nb6 20.Rad1 cxd4 21.cxd4
Be7 22.h4 Nd5 23.Bxd5 exd5 24.Rd3 Qd7 25.Rf3 Qe6 26.h5 b4 27.Re1 Rc2 28.
Bxe7 Qxe7 29.Qh6 Rc6 30.hxg6 fxg6 31.g3 a5 32.Kg2 a4 33.Rf6 Rec8 34.Qh3 
R8c7 35.Rf3 Rc3 36.Rf4 Rc1 37.Rxc1 Rxc1 38.e6 h5 39.Rf7 Qe8 40.Rb7 Re1 41.
Qh4 Qxe6 42.Qd8+ Qe8 43.Qxd5+ Qe6 44.Qd8+ Qe8 45.Qxe8+ Rxe8 46.Rxb4 a3 47.
Ra4 Re4 48.Kf3 Rg4 49.Ke3 g5 50.Rxa3 h4 51.gxh4 gxh4 52.Ra5 Kg7 53.Rh5 Kg6
54.Rh8 Kf5 55.Rh5+ Ke6 56.a4 Rg1 57.Rxh4 Ra1 58.Rh6+ Kd5 1-0

[Event "58h World U20 ch"]
[Site "New Delhi IND"]
[Date "2019.10.22"]
[Round "8.6"]
[White "Visakh, Narayanan Rajeswari"]
[Black "Bronstein, Or"]
[Result "0-1"]
[WhiteElo "2529"]
[BlackElo "2413"]
[EventDate "2019.10.15"]
[PlyCount "90"]

1.e4 c5 2.Nf3 d6 3.d4 cxd4 4.Nxd4 Nf6 5.Nc3 a6 6.h3 e5 7.Nb3 Be6 8.f4 b5 
9.Be3 b4 10.Nd5 Nbd7 11.Qf3 Bxd5 12.exd5 g6 13.O-O-O Bg7 14.g4 O-O 15.f5 
a5 16.g5 a4 17.Nd2 a3 18.gxf6 axb2+ 19.Kb1 Qa5 20.Bc4 Rfc8 21.Qe2 Nxf6 22.
fxg6 hxg6 23.Rhf1 Rxc4 24.Qxc4 Nxd5 25.Ne4 Nxe3 26.Qxf7+ Kh8 27.Qb3 d5 28.
Ng5 e4 29.Nf7+ Kh7 30.Ng5+ Kh8 31.Nf7+ Kg8 32.Nd6 Kh7 33.Rfe1 Nxd1 34.Rxd1
Qc5 35.Nf7 Qc4 36.Ng5+ Kh8 37.Qxc4 dxc4 38.Nxe4 b3 39.c3 Re8 40.Nd6 Ra8 
41.Ne4 bxa2+ 42.Kxb2 Re8 43.Ng3 Re3 44.Rg1 Be5 45.Kxa2 Bxg3 0-1

[Event "58h World U20 ch"]
[Site "New Delhi IND"]
[Date "2019.10.22"]
[Round "8.7"]
[White "Raja Rithvik, R."]
[Black "Aravindh, Chithambaram"]
[Result "0-1"]
[WhiteElo "2369"]
[BlackElo "2609"]
[EventDate "2019.10.15"]
[PlyCount "66"]

1.d4 Nf6 2.c4 e6 3.Nf3 d5 4.g3 dxc4 5.Bg2 a6 6.O-O Nc6 7.e3 Rb8 8.Nfd2 e5 
9.Bxc6+ bxc6 10.dxe5 Ng4 11.Nxc4 Be6 12.Nbd2 Bb4 13.Qc2 h5 14.b3 h4 15.Nf3
f5 16.e4 hxg3 17.hxg3 fxe4 18.Qxe4 Qd7 19.Bg5 Bd5 20.e6 Bxe4 21.exd7+ Kxd7
22.Rad1+ Kc8 23.Nh4 Bc5 24.Ne3 Ne5 25.f3 Rh5 26.fxe4 Rxg5 27.Nf5 Rb4 28.
Rc1 Bxe3+ 29.Nxe3 Rxg3+ 30.Kf2 Rg6 31.Nf5 Rg4 32.Ng3 Rd4 33.Rfd1 Rd3 0-1

[Event "58h World U20 ch"]
[Site "New Delhi IND"]
[Date "2019.10.22"]
[Round "8.8"]
[White "Kollars, Dmitrij"]
[Black "Agmanov, Zhandos"]
[Result "1-0"]
[WhiteElo "2587"]
[BlackElo "2403"]
[EventDate "2019.10.15"]
[PlyCount "109"]

1.e4 e5 2.Nf3 Nc6 3.Bb5 a6 4.Ba4 Nf6 5.O-O Be7 6.d3 b5 7.Bb3 d6 8.Bd2 Bg4 
9.c3 Na5 10.Bc2 c6 11.Re1 O-O 12.h3 Bh5 13.Bc1 Re8 14.Nbd2 Bf8 15.Nf1 d5 
16.Ng3 Bg6 17.Nh4 dxe4 18.dxe4 Qxd1 19.Rxd1 Red8 20.Bg5 Nc4 21.b3 Na3 22.
Bd3 Rd7 23.Kf1 Rad8 24.Bxf6 gxf6 25.Ke2 Bc5 26.f3 a5 27.Rac1 Kf8 28.Nhf5 
Bxf5 29.Nxf5 b4 30.cxb4 Bxb4 31.Ne3 Rd6 32.Nf5 R6d7 33.h4 Kg8 34.h5 Kf8 
35.Ne3 Rd6 36.Nf5 R6d7 37.g3 Kg8 38.Ne3 Rd6 39.Nf5 R6d7 40.f4 Kf8 41.fxe5 
fxe5 42.g4 Kg8 43.g5 Kf8 44.Ne3 Rd6 45.Ng4 Rd4 46.Nxe5 Nb5 47.Nxc6 Nc3+ 
48.Rxc3 Bxc3 49.Nxd4 Bxd4 50.Bc4 Ke7 51.Rf1 Rf8 52.Rf5 Bc3 53.a3 Ke8 54.
Rc5 Ke7 55.Bxf7 1-0

[Event "58h World U20 ch"]
[Site "New Delhi IND"]
[Date "2019.10.22"]
[Round "8.9"]
[White "Iniyan, Panneerselvam"]
[Black "Pogosian, Stefan"]
[Result "1/2-1/2"]
[WhiteElo "2509"]
[BlackElo "2364"]
[EventDate "2019.10.15"]
[PlyCount "62"]

1.e4 c5 2.Nf3 Nc6 3.d4 cxd4 4.Nxd4 e6 5.Nc3 Qc7 6.f4 d6 7.Be3 Nf6 8.Be2 
Be7 9.O-O O-O 10.Kh1 Nxd4 11.Qxd4 e5 12.Qd3 a6 13.a4 exf4 14.Bxf4 Be6 15.
Qg3 Rfd8 16.Rad1 Ne8 17.e5 dxe5 18.Bxe5 Bd6 19.Rxd6 Rxd6 20.Ne4 Qxc2 21.
Nxd6 Qxe2 22.Re1 Qg4 23.Qxg4 Bxg4 24.Nxb7 Rc8 25.b4 Rc4 26.b5 axb5 27.axb5
Be6 28.Bg3 Rb4 29.Nc5 Rxb5 30.Nxe6 fxe6 31.Rxe6 Rb1+ 1/2-1/2

[Event "58h World U20 ch"]
[Site "New Delhi IND"]
[Date "2019.10.22"]
[Round "8.10"]
[White "Audi, Ameya"]
[Black "Drygalov, Sergei"]
[Result "0-1"]
[WhiteElo "2336"]
[BlackElo "2470"]
[EventDate "2019.10.15"]
[PlyCount "74"]

1.e4 c5 2.Nf3 d6 3.d4 cxd4 4.Nxd4 Nf6 5.Nc3 a6 6.f3 e5 7.Nb3 Be6 8.Be3 Be7
9.Qd2 O-O 10.O-O-O Nbd7 11.g4 b5 12.g5 Nh5 13.Nd5 Bxd5 14.exd5 f6 15.g6 
hxg6 16.Na5 f5 17.Nc6 Qe8 18.Rg1 Kh7 19.Qb4 Nb8 20.Na5 Bd8 21.Nb7 Bc7 22.
Kb1 Nd7 23.Rd2 Rb8 24.Na5 Ndf6 25.Qc3 Qf7 26.Nb3 Nxd5 27.Rxd5 Qxd5 28.Be2 
Bb6 29.Bxb6 Rxb6 30.Qe3 Rbb8 31.Qg5 Qf7 32.Na5 Qf6 33.Qd2 d5 34.Nb3 Nf4 
35.Rg3 Rbc8 36.Bd1 d4 37.Rg1 g5 0-1

[Event "58h World U20 ch"]
[Site "New Delhi IND"]
[Date "2019.10.22"]
[Round "8.11"]
[White "Janik, Igor"]
[Black "Mendonca, Leon Luke"]
[Result "1/2-1/2"]
[WhiteElo "2467"]
[BlackElo "2388"]
[EventDate "2019.10.15"]
[PlyCount "69"]

1.d4 Nf6 2.c4 e6 3.Nf3 d5 4.g3 Be7 5.Bg2 O-O 6.O-O dxc4 7.Ne5 c5 8.dxc5 
Qc7 9.Nxc4 Rd8 10.Qb3 Nc6 11.Be3 Nd4 12.Bxd4 Rxd4 13.Nba3 Qxc5 14.Rac1 Rd8
15.Ne3 Qb4 16.Rc3 Rb8 17.Rfc1 Bd7 18.Rc7 Qxb3 19.axb3 Rdc8 20.Rxc8+ Rxc8 
21.Rxc8+ Bxc8 22.Nb5 Bd7 23.Nc3 b6 24.Nc4 Kf8 25.e3 Ke8 26.Kf1 Kd8 27.Ne5 
Be8 28.Bc6 Ng4 29.Bxe8 Nxe5 30.Bb5 h5 31.Ke2 Ng4 32.h3 Nf6 33.Bd3 Bc5 34.
f4 Nd5 35.Nxd5 1/2-1/2

[Event "58h World U20 ch"]
[Site "New Delhi IND"]
[Date "2019.10.22"]
[Round "8.12"]
[White "Wang Shixu"]
[Black "Haria, Ravi"]
[Result "1-0"]
[WhiteElo "2370"]
[BlackElo "2463"]
[EventDate "2019.10.15"]
[PlyCount "103"]

1.d4 e6 2.c4 d5 3.Nc3 Bb4 4.e3 Nf6 5.a3 Bxc3+ 6.bxc3 c6 7.Bd3 O-O 8.Ne2 b6
9.O-O Ba6 10.cxd5 Bxd3 11.Qxd3 cxd5 12.c4 Nc6 13.cxd5 Qxd5 14.f3 Rfd8 15.
e4 Qd7 16.Be3 Rac8 17.Rac1 h6 18.Bf2 Nh7 19.Bh4 Re8 20.Rfd1 Nf8 21.Be1 
Red8 22.Bh4 Re8 23.a4 Ng6 24.Be1 Red8 25.Qb5 Nge7 26.d5 exd5 27.exd5 Nb8 
28.d6 Qxb5 29.axb5 Rxc1 30.Nxc1 Nc8 31.Bg3 Kf8 32.Nb3 Nd7 33.Nd4 Nc5 34.
Nc6 Rd7 35.Nb8 Ke8 36.Nxd7 Kxd7 37.Kf2 Nb7 38.Ra1 Na5 39.Rc1 Nxd6 40.Bxd6 
Kxd6 41.Rc8 Nb7 42.Rb8 Kc7 43.Ra8 Nd6 44.Rxa7+ Kd8 45.g4 Ke8 46.Ra8+ Ke7 
47.Rg8 Ne8 48.Ke3 f6 49.Kd4 Kf7 50.Rxe8 Kxe8 51.Kd5 Kd7 52.f4 1-0

[Event "58h World U20 ch"]
[Site "New Delhi IND"]
[Date "2019.10.22"]
[Round "8.13"]
[White "Tabatabaei, Mohammadamin"]
[Black "Raja, Harshit"]
[Result "1/2-1/2"]
[WhiteElo "2642"]
[BlackElo "2440"]
[EventDate "2019.10.15"]
[PlyCount "231"]

1.d4 Nf6 2.c4 e6 3.Nf3 d5 4.Nc3 c6 5.e3 Nbd7 6.Qc2 Bd6 7.b3 O-O 8.Be2 e5 
9.cxd5 cxd5 10.Nb5 Bb4+ 11.Bd2 Bxd2+ 12.Nxd2 a6 13.dxe5 Nxe5 14.Nd4 Bg4 
15.Bxg4 Nfxg4 16.O-O Rc8 17.Qd1 Qd6 18.h3 Nf6 19.N2f3 Rc3 20.Nxe5 Qxe5 21.
Ne2 Rc5 22.Qd4 Qxd4 23.Nxd4 h5 24.Rfc1 Rfc8 25.Rxc5 Rxc5 26.g3 g6 27.f3 
Nd7 28.Rd1 Ne5 29.Rd2 Rc1+ 30.Kg2 Kf8 31.g4 hxg4 32.hxg4 Nc6 33.Ne2 Ra1 
34.Nc3 Nb4 35.Kg3 Ke7 36.Rd4 a5 37.a4 Ke6 38.e4 Ke5 39.Nb5 g5 40.exd5 Nxd5
41.Re4+ Kf6 42.Nd6 Rb1 43.Re8 Rxb3 44.Ne4+ Kg7 45.Re5 Nc3 46.Rxg5+ Kf8 47.
Nc5 Rb4 48.Re5 Rd4 49.Nxb7 Rxa4 50.Nc5 Rd4 51.Re3 Na4 52.Nb7 Nb6 53.Nxa5 
Nc4 54.Nxc4 Rxc4 55.Re4 Rc3 56.Kf4 Kg7 57.Ra4 Kg6 58.Ra6+ f6 59.Re6 Rc4+ 
60.Kg3 Rc3 61.Kf4 Rc4+ 62.Re4 Rc5 63.Rd4 Ra5 64.Rd3 Ra6 65.Rd5 Ra4+ 66.Kg3
Ra3 67.Rf5 Ra1 68.Rb5 Ra3 69.Rb4 Rc3 70.Kf4 Rc5 71.Rb6 Rc4+ 72.Ke3 Rc3+ 
73.Ke4 Rc4+ 74.Kd3 Ra4 75.Rd6 Ra3+ 76.Ke4 Ra4+ 77.Ke3 Ra3+ 78.Kf2 Ra2+ 79.
Kg3 Ra3 80.Rd8 Rb3 81.Re8 Kf7 82.Re4 Kg6 83.Kf4 Ra3 84.Rb4 Ra5 85.Rc4 Rb5 
86.Ra4 Rc5 87.Ra3 Rc6 88.Ke4 Rb6 89.Rc3 Rb5 90.Rc6 Rb4+ 91.Kd5 Rf4 92.Rc3 
Kf7 93.Ra3 Rb4 94.Kc5 Rf4 95.Rd3 Ke6 96.Re3+ Kf7 97.Kd5 Ra4 98.Rd3 Rf4 99.
Kd6 Ra4 100.Kd7 Ra7+ 101.Kc6 Ra4 102.Rc3 Ke6 103.Kc7 Ra7+ 104.Kb6 Ra4 105.
Rc6+ Kf7 106.Rc5 Kg6 107.Rf5 Rc4 108.Kb5 Rc1 109.Kb4 Rc2 110.Kb3 Rc1 111.
Kb2 Rc4 112.Kb1 Rc3 113.Ka2 Rc1 114.Kb3 Rc6 115.Rd5 Rc1 116.Kb2 1/2-1/2

[Event "58h World U20 ch"]
[Site "New Delhi IND"]
[Date "2019.10.22"]
[Round "8.14"]
[White "Di Benedetto, Edoardo"]
[Black "Albornoz Cabrera, Carlos Daniel"]
[Result "1/2-1/2"]
[WhiteElo "2401"]
[BlackElo "2581"]
[EventDate "2019.10.15"]
[PlyCount "81"]

1.d4 Nf6 2.c4 e6 3.Nc3 Bb4 4.e3 O-O 5.Bd3 c5 6.a3 Bxc3+ 7.bxc3 d5 8.Ne2 
dxc4 9.Bxc4 b6 10.O-O Qc7 11.Bd3 e5 12.e4 Bb7 13.dxe5 Ng4 14.f4 Rd8 15.Ng3
c4 16.Qxg4 cxd3 17.Nh5 Qc5+ 18.Kh1 Qf8 19.Bd2 Nd7 20.Rae1 Kh8 21.Rf3 Rac8 
22.Rg3 g6 23.Nf6 Nxf6 24.exf6 Re8 25.f5 Rc4 26.fxg6 fxg6 27.Qd7 Bc6 28.
Qxd3 Rcxe4 29.Rxe4 Bxe4 30.Qd4 Rd8 31.Qxe4 Rxd2 32.h3 Qxf6 33.Rf3 Rd1+ 34.
Kh2 Qd6+ 35.Qf4 Kg7 36.Qxd6 Rxd6 37.Rf4 Rd5 38.Ra4 a5 39.Rc4 Rb5 40.a4 Rb3
41.Kg3 1/2-1/2

[Event "58h World U20 ch"]
[Site "New Delhi IND"]
[Date "2019.10.22"]
[Round "8.15"]
[White "Kuybokarov, Temur"]
[Black "Sammed Shete, Jaykumar"]
[Result "1-0"]
[WhiteElo "2501"]
[BlackElo "2392"]
[EventDate "2019.10.15"]
[PlyCount "117"]

1.c4 e5 2.g3 Nf6 3.Bg2 c6 4.d4 d6 5.Nc3 Be7 6.e4 Qa5 7.Ne2 O-O 8.O-O Nbd7 
9.Bd2 Qc7 10.h3 a6 11.a4 a5 12.Be3 Re8 13.g4 h5 14.g5 Nh7 15.Qd2 h4 16.f4 
exf4 17.g6 fxg6 18.Nxf4 Ndf8 19.Qf2 Bf6 20.Rae1 g5 21.Nd3 g4 22.e5 dxe5 
23.dxe5 Bd8 24.Bc5 Be6 25.Bd6 Qf7 26.Qe3 Qh5 27.Nf4 Qh6 28.Nxe6 Qxe3+ 29.
Rxe3 Nxe6 30.Ne4 gxh3 31.Bxh3 b5 32.axb5 cxb5 33.c5 Nhg5 34.Nxg5 Bxg5 35.
Ref3 Ra6 36.Bg4 Kh7 37.Rc3 Rc6 38.Kg2 b4 39.Rc4 Nxc5 40.Rxc5 Rxc5 41.Bxc5 
Rxe5 42.Rf5 Rxf5 43.Bxf5+ g6 44.Bd7 Bd8 45.Kf3 Kg7 46.Ke4 Kf6 47.b3 Bc7 
48.Kd5 Bd8 49.Be3 g5 50.Bg4 Bc7 51.Bd4+ Ke7 52.Kc6 Bd8 53.Bc5+ Kf7 54.Kd7 
Bf6 55.Bb6 a4 56.bxa4 Kg6 57.a5 b3 58.Ke6 b2 59.Bf5+ 1-0

[Event "58h World U20 ch"]
[Site "New Delhi IND"]
[Date "2019.10.22"]
[Round "8.17"]
[White "Arjun, Kalyan"]
[Black "Anuj, Shrivatri"]
[Result "1-0"]
[WhiteElo "2483"]
[BlackElo "2390"]
[EventDate "2019.10.15"]
[PlyCount "89"]

1.e4 e5 2.Nf3 Nc6 3.Bc4 Nf6 4.d3 Bc5 5.O-O O-O 6.h3 d6 7.c3 a5 8.Re1 h6 9.
Nbd2 Be6 10.Bb5 Qb8 11.Nf1 Qa7 12.Be3 Bxe3 13.Nxe3 Ne7 14.Qc2 c6 15.Bc4 d5
16.exd5 cxd5 17.Bb5 Qc5 18.a4 Qd6 19.d4 e4 20.Nd2 Nh5 21.c4 f5 22.cxd5 
Nxd5 23.Ndc4 Nxe3 24.Rxe3 Bxc4 25.Qxc4+ Kh8 26.Rc1 Rad8 27.Rec3 f4 28.Qc7 
Qg6 29.Qxb7 f3 30.g4 Nf6 31.Qb6 Qg5 32.Qe6 Qh4 33.Bf1 h5 34.gxh5 Rfe8 35.
Qf7 Rd7 36.Qg6 Rd5 37.Rc5 Qxh5 38.Qxh5+ Rxh5 39.Rxh5+ Nxh5 40.Rc5 Nf4 41.
Rxa5 Rd8 42.d5 Nxd5 43.Bc4 e3 44.fxe3 Nxe3 45.Rh5# 1-0

[Event "58h World U20 ch"]
[Site "New Delhi IND"]
[Date "2019.10.22"]
[Round "8.18"]
[White "Zlatin, Alexander"]
[Black "Rahul Srivatshav, P."]
[Result "1/2-1/2"]
[WhiteElo "2263"]
[BlackElo "2460"]
[EventDate "2019.10.15"]
[PlyCount "64"]

1.e4 c5 2.Nf3 e6 3.d4 cxd4 4.Nxd4 Nc6 5.Nc3 Qc7 6.Be3 a6 7.Qf3 Ne5 8.Qg3 
h5 9.O-O-O h4 10.Qh3 Ng6 11.Bd3 b5 12.Rhf1 Nf4 13.Bxf4 Qxf4+ 14.Kb1 Bb7 
15.Nce2 Qc7 16.f4 Bc5 17.Nb3 Bb6 18.Qg4 g6 19.Ned4 Ne7 20.Qe2 f6 21.Rc1 
Nc6 22.Nxc6 Bxc6 23.c4 bxc4 24.Bxc4 Qb7 25.Rfe1 Kf8 26.Qd3 Kg7 27.Nd4 Bxd4
28.Qxd4 a5 29.Rcd1 a4 30.Bd5 exd5 31.exd5 Rhe8 32.dxc6 dxc6 1/2-1/2

[Event "58h World U20 ch"]
[Site "New Delhi IND"]
[Date "2019.10.22"]
[Round "8.19"]
[White "Sankalp, Gupta"]
[Black "Raghunandan, Kaumandur Srihari"]
[Result "0-1"]
[WhiteElo "2369"]
[BlackElo "2449"]
[EventDate "2019.10.15"]
[PlyCount "82"]

1.e4 c5 2.Nf3 d6 3.d4 cxd4 4.Nxd4 Nf6 5.Nc3 a6 6.Nb3 e6 7.g4 b5 8.Bg2 Bb7 
9.g5 b4 10.Nd5 Nfd7 11.Nxb4 d5 12.a3 a5 13.Na2 dxe4 14.Be3 Be7 15.h4 O-O 
16.Nc3 Qc7 17.Nxe4 Nc6 18.Nbd2 Rfd8 19.Qe2 Nde5 20.O-O Nd4 21.Bxd4 Rxd4 
22.Nb3 Rdd8 23.Rfd1 Ng6 24.Qg4 Kh8 25.Nc3 Bxg2 26.Kxg2 f5 27.gxf6 gxf6 28.
Rxd8+ Rxd8 29.Kf1 f5 30.Qf3 Nxh4 31.Qh3 Qc4+ 32.Ke1 a4 33.Nd2 Qf4 34.Rd1 
Rxd2 35.Rxd2 Nf3+ 36.Kf1 Nxd2+ 37.Ke2 Ne4 38.Nxe4 Qxe4+ 39.Kf1 Qxc2 40.Qh5
Qc4+ 41.Ke1 Qc1+ 0-1

[Event "58h World U20 ch"]
[Site "New Delhi IND"]
[Date "2019.10.22"]
[Round "8.20"]
[White "Lobanov, Sergei"]
[Black "Aronyak, Ghosh"]
[Result "1-0"]
[WhiteElo "2516"]
[BlackElo "2380"]
[EventDate "2019.10.15"]
[PlyCount "87"]

1.e4 c5 2.Nf3 d6 3.d4 cxd4 4.Nxd4 Nf6 5.Nc3 Bd7 6.f3 e5 7.Nb3 Be7 8.Be3 
O-O 9.Qd2 a5 10.a4 Na6 11.O-O-O Nb4 12.g4 Be6 13.Kb1 Rc8 14.g5 Nd7 15.Rg1 
Nb6 16.f4 exf4 17.Bxf4 Nxa4 18.Nxa4 Rxc2 19.Qe3 Qe8 20.Nb6 Qc6 21.Nd4 Ba2+
22.Ka1 Qxb6 23.Nf5 Bd8 24.Bxd6 Be6 25.Bxf8 Kxf8 26.Rg2 Bc7 27.Qd4 Qxd4 28.
Nxd4 Rxg2 29.Nxe6+ fxe6 30.Bxg2 Ke7 31.h4 Nc2+ 32.Ka2 Ne3 33.Rc1 Bg3 34.
Rc3 Bf2 35.Bh3 Kd6 36.Rb3 Ke5 37.h5 Kxe4 38.Rxb7 Nf5 39.Bxf5+ Kxf5 40.Rf7+
Kxg5 41.Rxf2 Kxh5 42.Rh2+ Kg4 43.Rxh7 g5 44.Kb3 1-0

[Event "58h World U20 ch"]
[Site "New Delhi IND"]
[Date "2019.10.22"]
[Round "8.21"]
[White "Harsha, Bharathakoti"]
[Black "Eugene, Floryan"]
[Result "1-0"]
[WhiteElo "2530"]
[BlackElo "2346"]
[EventDate "2019.10.15"]
[PlyCount "89"]

1.d4 Nf6 2.Nf3 g6 3.Nbd2 Bg7 4.e4 d6 5.c3 O-O 6.Bd3 e5 7.dxe5 dxe5 8.Qc2 
Nh5 9.O-O Nf4 10.Bc4 Qd7 11.Re1 Qg4 12.g3 Nd7 13.Kh1 Nh3 14.Ng1 Nxg1 15.
Kxg1 Nc5 16.Be2 Qd7 17.Nc4 Qe7 18.b3 Rd8 19.Ba3 Bf8 20.b4 Nd7 21.Rad1 Re8 
22.b5 Qf6 23.Bxf8 Nxf8 24.Ne3 Be6 25.c4 b6 26.c5 Red8 27.Bc4 Rd4 28.Bd5 
Rd8 29.Kg2 Qe7 30.Rc1 Nd7 31.cxb6 Nxb6 32.Bxe6 Qxe6 33.Qxc7 R8d7 34.Qb8+ 
Kg7 35.Rc6 Qe7 36.Ng4 f6 37.Rec1 h5 38.Ne3 Rxe4 39.Rc7 Ra4 40.Qb7 Rad4 41.
Qxa7 Nd5 42.Nxd5 R4xd5 43.b6 Kh6 44.b7 Qb4 45.R1c4 1-0

[Event "58h World U20 ch"]
[Site "New Delhi IND"]
[Date "2019.10.22"]
[Round "8.22"]
[White "Garidmagnai, Byambasuren"]
[Black "Batsuren, Dambasuren"]
[Result "1/2-1/2"]
[WhiteElo "2327"]
[BlackElo "2454"]
[EventDate "2019.10.15"]
[PlyCount "134"]

1.d4 Nf6 2.c4 e6 3.Nc3 Bb4 4.Qc2 c5 5.dxc5 O-O 6.a3 Bxc5 7.Nf3 b6 8.Bg5 h6
9.Bh4 Bb7 10.e3 Be7 11.Be2 d6 12.O-O a6 13.Rfd1 Qc7 14.Rd2 Nbd7 15.Rad1 
Rfd8 16.Bg3 Nc5 17.Ne1 Nfe4 18.Nxe4 Nxe4 19.Rd4 f5 20.Rc1 Bf6 21.Rdd1 g5 
22.f3 Nxg3 23.hxg3 Rac8 24.Qb3 Re8 25.Rc2 Qc5 26.Kf1 Rcd8 27.Rcd2 Rd7 28.
Nc2 h5 29.Qa4 Ree7 30.Qb4 Qxb4 31.axb4 d5 32.Nd4 Bxd4 33.Rxd4 Rc7 34.cxd5 
exd5 35.Kf2 Kg7 36.Bd3 Kf6 37.Rh1 Rh7 38.Ra1 Rh8 39.Ke2 b5 40.Kd2 Rcc8 41.
Rh1 Ke6 42.Bc2 Rc4 43.Kd3 Ke5 44.f4+ gxf4 45.gxf4+ Kd6 46.Bb3 Rxd4+ 47.
Kxd4 Bc6 48.Bd1 Be8 49.Bf3 Bf7 50.Be2 Rg8 51.Ra1 Rxg2 52.Rxa6+ Ke7 53.Bd3 
Rxb2 54.Ke5 Rb3 55.Ra7+ Kf8 56.Bxf5 Kg7 57.e4 Re3 58.Kd6 Rf3 59.exd5 Kf6 
60.Kc5 Bxd5 61.Bd7 Bc4 62.Ra6+ Ke7 63.Bxb5 Bxb5 64.Kxb5 Rxf4 65.Rh6 h4 66.
Ka5 Kd7 67.b5 Kc7 1/2-1/2

[Event "58h World U20 ch"]
[Site "New Delhi IND"]
[Date "2019.10.22"]
[Round "8.23"]
[White "Pranav, V."]
[Black "Aditya, Mittal"]
[Result "1-0"]
[WhiteElo "2308"]
[BlackElo "2430"]
[EventDate "2019.10.15"]
[PlyCount "119"]

1.e4 c5 2.Nf3 Nc6 3.d4 cxd4 4.Nxd4 Nf6 5.Nc3 e5 6.Ndb5 d6 7.Bg5 a6 8.Na3 
b5 9.Nd5 Be7 10.Bxf6 Bxf6 11.c4 b4 12.Nc2 a5 13.g3 Bg5 14.Bg2 O-O 15.O-O 
Be6 16.Qd3 Qb8 17.f4 Bd8 18.Kh1 f6 19.b3 Ra7 20.Bf3 Rb7 21.Bh5 Kh8 22.Rad1
Qc8 23.Bf3 Re8 24.Bh5 Rf8 25.f5 Bg8 26.h4 Rd7 27.Bf3 Qb7 28.g4 Bb6 29.Nxb6
Qxb6 30.Rd2 a4 31.g5 Qc5 32.Rfd1 Na5 33.Rg2 Ra7 34.Be2 Qb6 35.Qg3 Qc5 36.
Rdg1 axb3 37.axb3 Nc6 38.Ne3 Nd4 39.Ng4 fxg5 40.hxg5 Ra2 41.Bd3 Rxg2 42.
Rxg2 g6 43.Nf6 Qa7 44.fxg6 Qg7 45.gxh7 Be6 46.c5 Bxb3 47.cxd6 Bd1 48.Qxe5 
Nc6 49.Qf4 Nd4 50.Qe3 Nf3 51.e5 Nh4 52.Rf2 Nf3 53.Rxf3 Bxf3+ 54.Qxf3 Qxg5 
55.Qg4 Qxg4 56.Nxg4 Rd8 57.Nh6 Kg7 58.e6 Kxh6 59.e7 Ra8 60.d7 1-0

[Event "58h World U20 ch"]
[Site "New Delhi IND"]
[Date "2019.10.22"]
[Round "8.24"]
[White "Davtian, Artur"]
[Black "Nitish, Belurkar"]
[Result "1-0"]
[WhiteElo "2418"]
[BlackElo "2311"]
[EventDate "2019.10.15"]
[PlyCount "87"]

1.d4 Nf6 2.c4 e6 3.Nf3 d5 4.Nc3 c5 5.cxd5 Nxd5 6.e4 Nxc3 7.bxc3 cxd4 8.
cxd4 Bb4+ 9.Bd2 Bxd2+ 10.Qxd2 O-O 11.Bb5 b6 12.O-O Bb7 13.Qe3 Nd7 14.Rfc1 
Nf6 15.Bc6 Bxc6 16.Rxc6 Rc8 17.Ne5 Rxc6 18.Nxc6 Qd7 19.Rc1 h6 20.f3 Kh7 
21.Ne5 Qa4 22.Qd2 Kg8 23.Rc4 Qa3 24.h4 Rd8 25.Rc7 Qd6 26.Qc3 Qxd4+ 27.Qxd4
Rxd4 28.Rxa7 Nh5 29.Ra8+ Kh7 30.Nxf7 Rd2 31.Rh8+ Kg6 32.Rf8 Ng3 33.Kh2 
Nf1+ 34.Kh3 Kf6 35.Nxh6+ Ke7 36.Rf7+ Kd6 37.Rxg7 Rxa2 38.Ng4 Nd2 39.h5 Ra1
40.h6 Rh1+ 41.Kg3 Nf1+ 42.Kf4 Rh5 43.h7 b5 44.e5+ 1-0

[Event "58h World U20 ch"]
[Site "New Delhi IND"]
[Date "2019.10.22"]
[Round "8.25"]
[White "Aaryan, Varshney"]
[Black "Hollan, Martin"]
[Result "1-0"]
[WhiteElo "2239"]
[BlackElo "2403"]
[EventDate "2019.10.15"]
[PlyCount "63"]

1.d4 Nf6 2.c4 g6 3.Nc3 Bg7 4.e4 O-O 5.Nf3 d6 6.Be2 e5 7.O-O exd4 8.Nxd4 
Re8 9.f3 c6 10.Kh1 Nbd7 11.Bf4 Nh5 12.Bxd6 Qf6 13.Nb3 Nf4 14.c5 a5 15.a4 
Nxe2 16.Qxe2 b6 17.Rfd1 Ba6 18.Qc2 Nxc5 19.Nxc5 bxc5 20.Bxc5 Qh4 21.Bd4 
Be5 22.Bxe5 Rxe5 23.g3 Qe7 24.Qf2 Bb7 25.Rd2 Qb4 26.Rad1 c5 27.Rd8+ Re8 
28.Rxa8 Bxa8 29.Kg2 f5 30.exf5 gxf5 31.Rd7 f4 32.Qc2 1-0

[Event "58h World U20 ch"]
[Site "New Delhi IND"]
[Date "2019.10.22"]
[Round "8.26"]
[White "Percivaldi, Martin"]
[Black "Neelash, Saha"]
[Result "1-0"]
[WhiteElo "2391"]
[BlackElo "2334"]
[EventDate "2019.10.15"]
[PlyCount "81"]

1.d4 Nf6 2.c4 e6 3.Nc3 d5 4.cxd5 exd5 5.Bg5 Nbd7 6.e3 c6 7.Bd3 Be7 8.Nf3 
Ne4 9.Bf4 Ndf6 10.Qc2 Nd6 11.h3 O-O 12.g4 g6 13.O-O-O Re8 14.Ne5 Nfe4 15.
f3 Nxc3 16.bxc3 Be6 17.h4 Nc4 18.Bxc4 dxc4 19.g5 Bf8 20.h5 Bg7 21.hxg6 
hxg6 22.Qh2 Qa5 23.Kb2 Rad8 24.e4 c5 25.d5 Bc8 26.Rc1 Re7 27.Ka1 Qa6 28.
Bg3 Rde8 29.f4 Kf8 30.Rc2 b5 31.Qh7 b4 32.Rch2 Rxe5 33.fxe5 Bg4 34.Rf1 Re7
35.Rhf2 bxc3 36.d6 Rb7 37.Qxg6 f5 38.Rxf5+ Bxf5 39.Rxf5+ Kg8 40.Qe8+ Kh7 
41.g6+ 1-0